[Event "Moscow Tal Memorial 2nd"]
[Site "Moscow"]
[Date "2007.11.10"]
[Round "1"]
[White "Kamsky, Gata"]
[Black "Gelfand, Boris"]
[Result "1/2-1/2"]
[WhiteElo "2714"]
[BlackElo "2736"]
[Annotator "Marin,M"]
[PlyCount "57"]
[EventDate "2007.11.10"]
[EventType "tourn"]
[EventRounds "9"]
[EventCountry "RUS"]
[EventCategory "20"]
[SourceTitle "CBM 122"]
[Source "ChessBase"]
[SourceDate "2008.01.30"]
[SourceVersion "1"]
[SourceVersionDate "2008.01.30"]
[SourceQuality "1"]

1. c4 Nf6 2. Nc3 e5 3. g3 ({By delaying the development of the king's knight,
White intends to avoid the fashionable variation} 3. Nf3 Nc6 4. g3 Nd4 {
, where Black has been doing fine lately. Also, against ...Bc5 White can
deviate with e3 followed by Nge2.}) 3... Bb4 ({The old-fashioned Keres
variation, starting with} 3... c6 {is not bad at all, as I had the occasion to
convince myself during a recent game against Etienne Bacrot.}) 4. Nf3 {This
move order has been successfully employed by Portisch throughout his
remarkable career. White invites his opponent to a transposition to the normal
lines, after having side-stepped ...Nd4 and ...Bc5.} ({It should be said that
White should not delay the knight's development too much. After} 4. Bg2 O-O 5.
Nf3 {Black can defend his central pawn in the most convenient way with} Re8)
4... Bxc3 {This willing exchange might look like a positional concession, but
is quite logical if Black wants to refrain from 4...Nc6. Before choosing the
fate of the e5-pawn, Black invites his opponent to define his intentions in
the centre.} ({In the event of} 4... e4 5. Nd4 Nc6 6. Nc2 Bxc3 {White can play}
7. dxc3 {, which would transpose to a main line after} O-O 8. Bg2 h6) 5. bxc3 (
{Now,} 5. dxc3 {would be answered with the more restrained} d6) 5... e4 ({
Whereas after} 5... d6 {White will be able to occupy the centre with d3, e4,
etc.}) 6. Nd4 O-O 7. Bg2 d5 {Black has tried a wide range of moves here, but
Gelfand's choice is not too common. In principle, the idea to open the centre
with ...d5 without the preliminary loss of time ...d6 is approved by theory,
but Black usually, drives the enemy knight away from the centre with 7...c5.} (
{Before examining the main line, let us see what can happen if Black reacts
more slowly.} 7... Na6 8. O-O d6 9. f3 c5 10. Nc2 exf3 11. Rxf3 Rb8 12. d3 Nd7
13. a4 Nc7 14. Bf4 Qe7 15. Qd2 Re8 16. e4 Ne5 17. Rf2 a6 18. h3 Be6 19. Ne3 Qd7
20. g4 $14 {Marin,M (2555)-De Vreugt,D (2498)/Tel Aviv 2000/CBM 077 (1-0, 40).
White has consolidated his domination in the centre and has chances for
launching a kingside attack.}) (7... Re8 8. O-O d6 9. f3 ({Now, I would prefer
} 9. d3 $1 {, which seems to offer better chances for a minimal advantage at
virtually no risk.}) 9... c5 10. Nc2 exf3 11. Rxf3 Nc6 12. d3 d5 13. Bg5 dxc4
14. Bxf6 gxf6 15. d4 cxd4 16. cxd4 Be6 17. Rf4 Qe7 18. Qd2 $44 {1/2-1/2 Marin,
M (2557)-Garcia Ilundain,D (2490)/Barcelona 2000/CBM 077 ext. Not a typically
drawn position, but neither of the players seemed to be in his best fighting
mood.}) (7... d6 8. O-O c5 9. Nc2 Nc6 10. Ne3 Be6 {Black almost finished his
development and waits to see how White is going to break open the centre: d3
or f3.} 11. d3 exd3 12. exd3 d5 {Playing this move with loss of time is quite
risky.} 13. Rb1 Na5 (13... b6 14. f4 $1) 14. Ba3 dxc4 (14... b6 15. Qf3 $1 dxc4
16. d4 $5 $44 (16. Qxa8 Qxa8 17. Bxa8 Rxa8 18. d4 cxd4 19. cxd4 Nd5 $44)) 15.
Bxc5 cxd3 (15... Re8 16. dxc4 $14 {[%csl Yb7][%cal Yc5d4,Yd1a4]}) 16. Bxf8 Kxf8
17. Qa4 Rc8 18. Bxb7 $16 {Kasimdzhanov,R (2545)-Bratanov,Z (2355)/Zagan 1997/
CBM 59 ext (1-0, 28)}) ({Let us now follow a recent example of the (not so
young anymore) number one expert of the variation:} 7... Nc6 8. O-O (8. f3 $5
exf3 9. Nxf3 $14) 8... Ne5 9. d3 c5 10. Nc2 d5 11. Bf4 Qe7 (11... Ng6 12. Bg5
$14) 12. Ne3 exd3 (12... d4 13. cxd4 cxd4 14. Nd5 Nxd5 15. cxd5 exd3 16. exd3
Bg4 17. d6 Qe6 18. f3 Bh5 19. Re1 f6 20. Bxe5 fxe5 21. Qb3 $14 {White
maintains the initiative despite simplifications. The elimination of the
d6-pawn will cost Black valuable time, which can be used by White to occupy
the seventh rank.}) 13. exd3 dxc4 14. dxc4 Rd8 15. Qb1 (15. Nd5 $5 Nxd5 16.
cxd5 Bg4 17. f3 Bh5 18. g4 Bg6 19. Re1 f6 20. Bxe5 fxe5 21. f4 $16) (15. Qb3 $5
) 15... h6 16. Nd5 Nxd5 17. cxd5 g5 18. Bxe5 $6 (18. Re1 $1 gxf4 19. gxf4 Nf3+
20. Bxf3 $16 {[%csl Gd5,Rg8]}) 18... Qxe5 19. Qb5 Qd6 20. Rae1 Bd7 21. Qb1 b6
22. Qd3 Re8 $132 {Portisch,L (2533)-Cao Sang (2543)/Szekesfehervar 2006/CBM
112 (0-1, 40). Black has managed to stabilize the position and can hope to
simplify to a more pleasant bishop ending.}) ({Finally, the main line goes} 
7... c5 8. Nc2 d5 {In practice, White has failed to prove an advantage.} {
I would suggest} 9. d3 $5 {as the most consistent try for an advantage. Black
cannot maintain stability in the centre too easily.} (9. Ba3 Na6 10. cxd5 Qxd5
11. d4 Qh5 12. h3 Rd8 13. g4 Qg6 14. Qd2 cxd4 15. Be7 Re8 16. Bxf6 Qxf6 17.
Qxd4 Qg6 18. O-O-O Qg5+ 19. Qe3 Qxe3+ (19... Qa5 $5 20. Bxe4 Be6 $44) 20. Nxe3
Nc5 21. Nc4 {1/2-1/2 Miralles,G (2470)-Gavrikov,V (2580)/Bern 1991/CBM 022/
[Ribli]}) (9. cxd5 Qxd5 10. f3 $5 {Black seems to be able to maintain the
balance even after this untested move, but at least White is not risking
getting a worse position.} (10. Ne3 Qh5 11. h3 Nc6 {White has prevented the
exchange of the light-squared bishops, but is slightly underdeveloped.} 12. d3
$6 Rd8 13. Qc2 exd3 14. exd3 Ne5 $17) (10. d3 Rd8 11. c4 Qh5 12. Bb2 Bh3 13.
Bxh3 Qxh3 14. Bxf6 gxf6 15. Qd2 Nc6 16. O-O-O exd3 17. exd3 Ne5 $36 {Winants,L
(2520)-Danielian,O (2440)/Cappelle la Grande 1993/TD (0-1, 61)}) (10. O-O Qh5
11. Ne3 Bh3 {Black has easy play, as proven by numerous games, for instance
Alterman,B-Oratovsky,M/Jurmala 1989/CBM 013 (0-1, 62)}) 10... exf3 11. Bxf3 Qd6
12. O-O Nc6 13. d4 Bh3 (13... cxd4 14. Ba3 $16) (13... Bf5 $5 {[%csl Gc2,Ge4]})
14. Ba3 b6 (14... Bxf1 15. Bxc5 Bxe2 16. Qxe2 $14 {[%csl Gc3,Gd4][%cal Gc5f8]})
15. dxc5 {[%csl Gc6]} Qe6 $13) 9... dxc4 (9... exd3 10. Qxd3 $1 $14) (9... Be6
10. Bg5 $14 {maintains the status-quo.}) 10. dxe4 Qxd1+ 11. Kxd1 Nc6 12. Be3 b6
13. f3 Rd8+ 14. Ke1 $14 {[%cal Ge1f2,Gh1d1,Gg3g4,Gh2h4] White's slow but
unstoppable kingside expansion as well as his pair of bishops offer him the
better chances in the long run.}) 8. cxd5 ({Actually,} 8. d3 $5 {deserves
being investigated, too. Black would probably be forced to transpose above with
} c5 9. Nc2 {etc.}) 8... Qxd5 {Gelfand probably thought that he would drive
the enemy knight away from the centre at a later stage, but this will prove
more complicated than it might seem.} 9. f3 $1 $146 (9. d3 c5 10. Nc2 (10. dxe4
Nxe4 11. Qb3 Qxb3 (11... c4 12. Qb5 $14 {[%csl Gd4]}) 12. Nxb3 Re8 (12... Bf5
13. g4 Bg6 14. h4 h6 15. h5 Bh7 16. Bxe4 Bxe4 17. f3 Bc6 18. Nxc5 $16) (12...
Nxc3 13. Nxc5 $14) 13. Be3 (13. Bxe4 Rxe4 14. Nxc5 Rc4 $11) 13... Na6 $11)
10... Qe5 11. d4 cxd4 12. cxd4 Qh5 13. Ne3 Nc6 14. O-O Bh3 15. Bb2 Rad8 $132 {
Dominguez,H (2380)-Velasquez Ojeda,C (2290)/Santiago 1994/EXT 2001 (0-1, 42)})
9... c5 (9... exf3 10. Bxf3 $14) 10. fxe4 $1 ({Of course, there is no need to
transpose above with} 10. Nc2) 10... Nxe4 11. Qb3 $1 Qh5 $6 {Too ambitious.} (
11... c4 $2 12. Qb5 $16 (12. Qb1 Re8) 12... Be6 (12... Qxb5 13. Nxb5 Nc5 14.
Nc7 $18) 13. d3 (13. Qb1 $1 f5 14. g4 g6 15. Nxe6 Qxe6 16. gxf5 gxf5 17. Qxb7
Nd7 18. Rg1 Kh8 19. Ba3 Rg8 20. O-O-O {is not entirely clear.}) 13... cxd3 14.
exd3 Nxc3 15. Bxd5 Nxb5 16. Nxe6 fxe6 17. Bxb7 $18) (11... Qxb3 $2 12. Nxb3 Bf5
(12... Re8 13. Bxe4 Rxe4 14. Nxc5 $16) 13. d3 $16) ({Black should have
accepted that he had lost the theoretical battle and headd for a slightly
worse, but normal position with} 11... Qe5 $5 12. Nf3 Qe7 13. O-O Nc6 14. d3
$14) 12. Bxe4 cxd4 13. cxd4 Nc6 14. Bb2 Bh3 15. Bf3 Qg5 {Black has sacrificed
a pawn in order to retain the enemy king in the centre. However, White's
impressive centre should incline the balance in his favour.} 16. Rc1 $1 {
It appears that Black cannot maintain the bishop on h3 for too long.} Rad8 17.
Rc5 Qf6 18. Rh5 Bc8 19. d5 Nd4 20. Bxd4 Qxd4 21. Rh4 Qe5 22. O-O $16 {Black
has absolutely no compensation for the missing pawn.} b6 23. d4 Qg5 24. e4 Ba6
25. Rd1 Rc8 26. Rf4 Qd8 27. e5 $2 (27. Qa3 Bc4 28. Bg4 Rb8 29. d6 $18) 27...
Bc4 28. Qb2 Bxd5 29. Qb5 1/2-1/2

[Event "Moscow Tal Memorial 2nd"]
[Site "Moscow"]
[Date "2007.11.17"]
[Round "7"]
[White "Mamedyarov, Shakhriyar"]
[Black "Kamsky, Gata"]
[Result "0-1"]
[WhiteElo "2752"]
[BlackElo "2714"]
[Annotator "Rogozenco,D"]
[PlyCount "81"]
[EventDate "2007.11.10"]
[EventType "tourn"]
[EventRounds "9"]
[EventCountry "RUS"]
[EventCategory "20"]
[SourceTitle "CBM 122"]
[Source "ChessBase"]
[SourceDate "2008.01.30"]
[SourceVersion "1"]
[SourceVersionDate "2008.01.30"]
[SourceQuality "1"]

1. d4 d5 2. c4 c6 3. Nc3 Nf6 4. Nf3 a6 5. c5 Bf5 6. Bf4 Nbd7 7. e3 g6 $5 {
A rare move introduced in 1994 by the Spanish GM Magem Badals, which, until
the present game had a shaky reputation and was completely overshadowed by 7...
e6. The idea of 7...g6 is to prepare a quick advance ...e7-e5.  The move 7...
g6 must have been prepared by Kamsky specially for the Tal Memorial, where he
used it successfully in two games.} ({Previously Kamsky had played the main
line:} 7... e6 8. Be2 Be7 9. Nd2 h6 (9... Qc8 10. g4 $1 Bg6 11. g5 Ng8 12. h4
h6 13. gxh6 gxh6 14. h5 Bh7 15. Nf3 $14 {1-0 Eljanov,P-Kamsky,G/Kemer 2007 (51)
}) (9... Bg6) 10. b4 (10. g4 $5) 10... Qc8 11. Rc1 (11. O-O $142) 11... Bd8 12.
a4 O-O 13. O-O Re8 $11 {0-1 Nielsen,P-Kamsky,G/Turin 2006 (39)}) 8. h3 ({After
} 8. Be2 {apart from the natural} Bg7 {Black can also consider 8...Nh5.}) 8...
Bg7 9. Be2 (9. Qb3 $5) 9... Be4 {This is Kamsky's new idea, played for the
first time against Alekseev in the same tournament. Black simply wants to
exchange his light-squared bishop for his opponent's knight and then advance
the e-pawn. It is important to make this move now, so that the knight can't go
to e5 due to the vulnerability of g2-pawn.} (9... Ne4 10. O-O O-O 11. Na4 (11.
Qb3 $142 $14) 11... f6 12. Bh2 e5 13. Qb3 Ra7 $6 14. Nc3 exd4 15. Nxe4 Bxe4 16.
Nxd4 Re8 17. Bd6 g5 18. Bg4 $16 {1-0 Illescas Cordoba,M-Magem Badals,J/Madrid
1994 (39)}) 10. Nh4 (10. O-O Bxf3 11. Bxf3 O-O 12. e4 (12. Qb3 e5 $13) 12...
dxe4 13. Nxe4 Nxe4 14. Bxe4 e5 $11) ({In the event of} 10. Ne5 {Black simply
takes the pawn:} Bxg2 11. Rh2 Be4 $17) 10... e5 11. Bg3 {Mamedyarov had enough
time to analyse the position and he comes up with an improvement.} ({Alekseev
continued} 11. dxe5 {but the position after} Nh5 12. Nf3 Bxf3 13. Bxf3 Nxf4 14.
exf4 Nxc5 {turned out to be in Black's favour, 1/2-1/2 Alekseev,E-Kamsky,G/
Moscow 2007 (39)}) 11... exd4 12. exd4 O-O 13. f3 Bf5 14. Nxf5 gxf5 {A curious
position, which at the first sight seems to be clearly better for White: two
bishops, isolated doubled pawns on the f-file...  However, Kamsky proves that
things are not that simple. The point is that Black has a clear and strong
plan: to blockade the kingside by advancing the f-pawn (Nh5 and f4), then
create pressure on d4 (Qf6, Re8, Nf8-e6) and double rooks on the e-file. A
deeper look at the position shows that all Black's pieces will be active; even
the knight from h5 will come to g3. With the pawn on h2 instead of h3 White
would have been better, but the weakness on g3 together with the weak pawn d4
make the position double-edged. Moreover, from the practical point of view
Black's position is even preferable.} 15. Qd2 (15. O-O Nh5 16. Bd6 Re8 17. f4
Ng3 18. Rf3 Ne4 $13) 15... Nh5 16. Bf2 (16. Bh2 $2 Qh4+ $17 {[%csl Rd4]}) 16...
f4 17. O-O-O Re8 {The position of White's h-pawn makes a huge difference: with
the pawn on h2 White would have continued 18.g4, with a large advantage. With
the pawn on h3 he can't forget about the kingside activity, which means that
the only active plan is to advance the queenside pawns. But this is a very
risky strategy, since it opens up his own king.} 18. Rhe1 Nf8 19. Bd3 Qf6 20.
Na4 {Going nowhere. On the other hand it is not easy to indicate a sensible
plan for White. Probably the best was to wait.} (20. Rxe8 $142 Rxe8 21. Ne2 $11
) 20... Ne6 21. Bc2 Ng3 22. Qd3 Qh6 $1 23. Nc3 Re7 24. b4 {This active plan
will soon backfire.} ({Preferable was something like} 24. Ne2 Rae8 25. Qd2) ({
or} 24. Kb1 Rae8 25. Qd2 {and White should be able to keep the balance}) 24...
Rae8 25. a4 a5 $1 26. b5 Qg6 27. Qd2 (27. Qxg6 hxg6 $15) 27... Qf6 $15 28. Ne2
$5 ({Black is also slightly better after} 28. Qd3 Nxc5 29. Qxh7+ Kf8 30. Rxe7
Rxe7) 28... Nxc5 {This leads to very sharp, approximately equal positions.} ({
The alternative was to play an endgame with a pawn up:} 28... Nxe2+ 29. Rxe2
Nxd4 30. Bxd4 (30. Rxe7 $2 Ne2+ 31. Qxe2 Qa1+ 32. Kd2 Qc3+ 33. Kc1 Qa3+ 34. Kd2
Bc3+ 35. Kd3 Be1+ $19) 30... Rxe2 31. Bxf6 Rxd2 32. Kxd2 Bxf6 {but thanks to
the opposite-coloured bishops White has good chances to have a draw:} 33. Bf5 (
33. bxc6 bxc6 34. Rb1 Re3 $1 35. Bd3 (35. Rb6 Bc3+ 36. Kc1 Re1+ 37. Bd1 Re6 $17
{[%cal Gc3b4]}) 35... Bd4 36. Rb6 Bxc5 37. Rxc6 Bb4+ 38. Kc2 Kg7 $15 {[%cal
Ge3e1,Ge1g1]}) 33... Re7 (33... Bd4 34. Bd7 $15) 34. bxc6 bxc6 35. Rb1 $15) 29.
Nxf4 Rxe1 30. Rxe1 Rxe1+ 31. Bxe1 Nf1 32. Nh5 $1 Qe7 (32... Nxd2 33. Nxf6+ Bxf6
34. Bxd2 Bxd4 35. bxc6 bxc6 36. Bxa5 $13) (32... Qxd4 33. Qxd4 Bxd4 34. Bxa5
cxb5 35. axb5 Ne3 $11) 33. Qxa5 b6 $1 (33... Ne6 34. Nxg7 Kxg7 35. bxc6 bxc6
36. Kb1 $16) 34. Qa8+ ({After} 34. Qc3 Bxd4 (34... Qg5+ 35. Kb1 $1 Qxh5 36.
bxc6 Qh6 37. c7 Qc6 38. Bd3 Qxc7 39. Bxf1 $14) 35. Qxd4 Qxe1+ 36. Kb2 Ne6 37.
Qxb6 Qe5+ 38. Ka2 c5 {the position is a complete mess} ({or} 38... Qxh5 39. Qf2
cxb5 40. axb5 Qe5 41. Qxf1 Nc5 $44)) 34... Bf8 35. Bc3 Ne6 36. Qxc6 (36. bxc6
$2 Qa3+ 37. Bb2 (37. Kb1 Qxc3 $19) 37... Qb4 $40) (36. Kb1 $142 $5 $13) 36...
Qg5+ 37. Kb1 Qxh5 38. a5 Qg5 (38... Ne3 $5 39. axb6 (39. a6 Nxc2 40. Kxc2 Qg6+
$36) 39... Nxc2 40. Kxc2 (40. b7 $2 Na3+ 41. Kc1 Qg6 $19) 40... Qg6+ 41. Kc1 (
41. Kb2 Qxg2+) 41... Qd3 $17 42. b7 $140 Nd8 $19) 39. a6 $2 (39. axb6 $1 Nd2+
40. Bxd2 Qxd2 41. b7 Nxd4 42. Qc8 Nxc2 (42... Qxc2+ $4 43. Qxc2 Nxc2 44. b8=Q
$18) 43. Qxf8+ (43. b8=Q $2 Na3+ 44. Ka1 Qd1+ 45. Kb2 Nc4+ 46. Kc3 Qd2+ $19)
43... Kxf8 44. b8=Q+ Kg7 45. Qg3+ $11) 39... Nd2+ 40. Ka2 ({More stubborn is} 
40. Bxd2 Qxd2 41. Qxd5 (41. a7 Qb4+ 42. Ka2 Qa3+ 43. Kb1 Qxa7 $19) 41... Nxd4
42. Bb3 {and Black still must demonstrate a clear win.}) 40... Nc4 41. Kb3 (41.
Kb3 Na5+ 42. Bxa5 Nxd4+ $19) 0-1

[Event "Wch Blitz 2nd"]
[Site "Moscow"]
[Date "2007.11.21"]
[Round "1"]
[White "Kamsky, Gata"]
[Black "Gelfand, Boris"]
[Result "1-0"]
[WhiteElo "2714"]
[BlackElo "2736"]
[PlyCount "87"]
[EventDate "2007.11.21"]
[EventType "tourn (blitz)"]
[EventRounds "38"]
[EventCountry "RUS"]
[EventCategory "19"]
[SourceTitle "EXT 2008"]
[Source "ChessBase"]
[SourceDate "2007.11.25"]
[SourceVersion "1"]
[SourceVersionDate "2007.11.25"]
[SourceQuality "1"]

1. d4 Nf6 2. Nf3 d5 3. Bf4 c5 4. c3 Qb6 5. Qb3 Nc6 6. e3 c4 7. Qc2 Bf5 8. Qc1
e6 9. h3 h6 10. Nbd2 Qd8 11. Be2 Be7 12. O-O O-O 13. Re1 Ne4 14. Nxe4 Bxe4 15.
Nd2 Bg6 16. Bf3 b5 17. e4 Qd7 18. exd5 exd5 19. Nf1 Bd8 20. Ne3 Ne7 21. a4 Bd3
22. axb5 Qxb5 23. Bd6 Be4 24. Bxe4 dxe4 25. Qc2 Qc6 26. Bc5 Re8 27. Qa4 Rb8 28.
Nxc4 Qxa4 29. Rxa4 Nd5 30. Rxa7 Re6 31. g3 f5 32. Rea1 Bf6 33. Rd7 Ne7 34. Raa7
Ng6 35. Bd6 Rb5 36. Rab7 Rxb7 37. Rxb7 h5 38. Rb5 h4 39. Rxf5 hxg3 40. Bxg3 Ra6
41. Ra5 Rc6 42. Nd6 Rb6 43. b4 Rc6 44. Nxe4 1-0

[Event "Wch Blitz 2nd"]
[Site "Moscow"]
[Date "2007.11.21"]
[Round "3"]
[White "Kamsky, Gata"]
[Black "Ivanchuk, Vassily"]
[Result "0-1"]
[WhiteElo "2714"]
[BlackElo "2787"]
[PlyCount "110"]
[EventDate "2007.11.21"]
[EventType "tourn (blitz)"]
[EventRounds "38"]
[EventCountry "RUS"]
[EventCategory "19"]
[SourceTitle "EXT 2008"]
[Source "ChessBase"]
[SourceDate "2007.11.25"]
[SourceVersion "1"]
[SourceVersionDate "2007.11.25"]
[SourceQuality "1"]

1. d4 Nf6 2. Nf3 d5 3. Bf4 c5 4. e3 Nc6 5. c3 Qb6 6. Qb3 c4 7. Qc2 Bf5 8. Qc1
e6 9. h3 h6 10. Nbd2 Qd8 11. Be2 b5 12. a3 Be7 13. O-O O-O 14. Re1 Qd7 15. Bd1
Rfe8 16. Bc2 Rad8 17. e4 dxe4 18. Nxe4 Nxe4 19. Bxe4 Bxe4 20. Rxe4 Qd5 21. Qe3
Qf5 22. Re1 Rd5 23. g4 Qg6 24. Kh2 Bf8 25. Rg1 a6 26. Nh4 Qh7 27. Bg3 h5 28.
Kg2 Be7 29. Nf3 Qg6 30. Kf1 Bd8 31. Ne5 Nxe5 32. Bxe5 f6 33. Bh2 Qf7 34. Kg2
hxg4 35. hxg4 f5 36. gxf5 Rxf5 37. Bg3 Qd7 38. Re1 Qd5 39. Kg1 Kf7 40. Qe2 Bf6
41. Qg4 Rh8 42. Kf1 Rh1+ 43. Ke2 Rfh5 44. Kd2 Rxe1 45. Rxe1 Rg5 46. Qf4 Rf5 47.
Qc7+ Kg6 48. Qc8 Bg5+ 49. Kc2 Rxf2+ 50. Kb1 Rf6 51. Qe8+ Kh7 52. Be5 Rh6 53.
Qf7 Bf6 54. Bxf6 Rxf6 55. Rh1+ Qxh1+ 0-1

[Event "Wch Blitz 2nd"]
[Site "Moscow"]
[Date "2007.11.21"]
[Round "4"]
[White "Carlsen, Magnus"]
[Black "Kamsky, Gata"]
[Result "0-1"]
[WhiteElo "2714"]
[BlackElo "2714"]
[PlyCount "70"]
[EventDate "2007.11.21"]
[EventType "tourn (blitz)"]
[EventRounds "38"]
[EventCountry "RUS"]
[EventCategory "19"]
[SourceTitle "EXT 2008"]
[Source "ChessBase"]
[SourceDate "2007.11.25"]
[SourceVersion "1"]
[SourceVersionDate "2007.11.25"]
[SourceQuality "1"]

1. e4 g6 2. d4 Bg7 3. Nc3 b6 4. Be3 Bb7 5. Qd2 e6 6. h4 h6 7. f3 d6 8. O-O-O
Nd7 9. g4 a6 10. Bd3 b5 11. Nge2 b4 12. Na4 a5 13. b3 Ne7 14. f4 Nf6 15. Bb5+
Kf8 16. Ng3 Nxe4 17. Nxe4 Bxe4 18. Rhe1 h5 19. f5 gxf5 20. gxf5 Bxf5 21. Bg5 f6
22. Bf4 Nd5 23. Bc4 Nxf4 24. Kb1 Bh6 25. Rf1 Nd5 26. Qe1 Ne3 27. Rxf5 exf5 28.
Be6 Nxd1 29. Qxd1 Qe8 30. d5 Qg6 31. Qd4 Kg7 32. a3 Qg4 33. Qd3 Rhe8 34. Qb5
Re7 35. Qc6 Rb8 0-1

[Event "Wch Blitz 2nd"]
[Site "Moscow"]
[Date "2007.11.21"]
[Round "9"]
[White "Kamsky, Gata"]
[Black "Grischuk, Alexander"]
[Result "1/2-1/2"]
[WhiteElo "2714"]
[BlackElo "2715"]
[PlyCount "103"]
[EventDate "2007.11.21"]
[EventType "tourn (blitz)"]
[EventRounds "38"]
[EventCountry "RUS"]
[EventCategory "19"]
[SourceTitle "EXT 2008"]
[Source "ChessBase"]
[SourceDate "2007.11.25"]
[SourceVersion "1"]
[SourceVersionDate "2007.11.25"]
[SourceQuality "1"]

1. d4 Nf6 2. Nf3 d5 3. Bf4 c5 4. e3 Nc6 5. c3 Qb6 6. Qb3 c4 7. Qc2 Bf5 8. Qc1
h6 9. h3 e6 10. Nbd2 Qd8 11. Be2 Be7 12. O-O O-O 13. Re1 b5 14. a3 a5 15. b3 a4
16. b4 Bd6 17. Bxd6 Qxd6 18. Bd1 Ne4 19. Nxe4 Bxe4 20. Nd2 Bd3 21. e4 Rae8 22.
e5 Qe7 23. Bg4 f5 24. Bh5 Rc8 25. Be2 Bxe2 26. Rxe2 g5 27. Nf1 Qg7 28. Ng3 Qg6
29. f4 Kf7 30. Rf2 Rg8 31. Qd1 g4 32. hxg4 Qxg4 33. Qxg4 Rxg4 34. Nh5 Ne7 35.
Rf3 Ng8 36. Rh3 Rg6 37. Kf2 Rc7 38. Rah1 Kf8 39. Rg3 Rxg3 40. Kxg3 Kf7 41. Kf3
Kg6 42. Rh3 Rc8 43. g4 fxg4+ 44. Kxg4 Ne7 45. Nf6 Nf5 46. Rh1 Rc7 47. Kf3 Rg7
48. Ne8 Rg8 49. Nf6 Rg7 50. Ne8 Rg8 51. Rg1+ Kf7 52. Nd6+ 1/2-1/2

[Event "Wch Blitz 2nd"]
[Site "Moscow"]
[Date "2007.11.21"]
[Round "11"]
[White "Kamsky, Gata"]
[Black "Kasimdzhanov, Rustam"]
[Result "1-0"]
[WhiteElo "2714"]
[BlackElo "2690"]
[PlyCount "111"]
[EventDate "2007.11.21"]
[EventType "tourn (blitz)"]
[EventRounds "38"]
[EventCountry "RUS"]
[EventCategory "19"]
[SourceTitle "EXT 2008"]
[Source "ChessBase"]
[SourceDate "2007.11.25"]
[SourceVersion "1"]
[SourceVersionDate "2007.11.25"]
[SourceQuality "1"]

1. d4 Nf6 2. Nf3 g6 3. Bf4 Bg7 4. e3 O-O 5. h3 b6 6. c3 Bb7 7. Nbd2 d6 8. a4 c5
9. Be2 Nc6 10. O-O Rc8 11. Bh2 cxd4 12. exd4 Nd5 13. Bc4 Nb8 14. Re1 Nd7 15.
Qb3 N7f6 16. a5 Bc6 17. axb6 axb6 18. Bb5 Bxb5 19. Qxb5 Qe8 20. Qxe8 Rfxe8 21.
c4 Nb4 22. Ra7 d5 23. b3 e6 24. Rb7 Nd3 25. Rb1 Ne4 26. Nxe4 dxe4 27. Ne5 Ra8
28. Rxb6 Ra2 29. Bg3 f5 30. Nxd3 exd3 31. Be5 Rd8 32. Rd1 d2 33. Kf1 Rb2 34.
Ke2 Bxe5 35. dxe5 Rd4 36. Rb5 f4 37. h4 h6 38. g3 g5 39. hxg5 hxg5 40. gxf4
gxf4 41. Rb6 Kf7 42. Rd6 Re4+ 43. Kf3 Rxe5 44. Rd3 Rh5 45. Kxf4 Rf5+ 46. Ke3
Re5+ 47. Kf3 Rf5+ 48. Kg2 Rg5+ 49. Kf1 Rh5 50. R1xd2 Rb1+ 51. Ke2 Rhh1 52. Kf3
e5 53. Ke4 Rhe1+ 54. Kd5 e4 55. Rc3 Kf6 56. c5 1-0